[Event "SRB-ch sf"]
[Site "Paracin"]
[Date "2024.02.10"]
[Round "8"]
[White "Perunovic, Miodrag"]
[Black "Pogorelskikh, Sofia"]
[Result "1-0"]
[WhiteElo "2373"]
[BlackElo "2176"]
[PlyCount "77"]
[EventDate "2024.02.05"]
[EventType "swiss"]
[EventRounds "9"]
[EventCountry "SRB"]
[SourceTitle "CB07_2024"]
[SourceDate "2024.02.14"]
[SourceVersion "1"]
[SourceVersionDate "2024.02.14"]
[SourceQuality "1"]

1. e4 c5 2. Nf3 Nc6 3. Bb5 g6 4. 0-0 Bg7 5. c3 e5 6. d4 cxd4 7. cxd4 exd4 8. Bf4 a6 9. Ba4 Nge7 10. Bd6 b5 11. Bb3 Bb7 12. a4 Nc8 13. Bf4 0-0 14. axb5 axb5 15. Na3 Qb6 16. Re1 d6 17. h4 Na5 18. h5 b4 19. Nc4 Nxc4 20. Rxa8 Nxb2 21. Qd2 d3 22. Ra2 Bc3 23. Qe3 Qxe3 24. Bxe3 Bxe4 25. Rb1 Ne7 26. Rbxb2 Bxb2 27. Rxb2 gxh5 28. Ng5 Bg6 29. Bd2 Nc6 30. Ba4 Nd4 31. Rxb4 Nc2 32. Rb6 Ra8 33. Bb3 Nd4 34. Bd5 Ne2+ 35. Kh2 Ra4 36. Rxd6 Rh4+ 37. Nh3 Kg7 38. Bb3 Bf5 39. Bh6+ 1-0

[Event "SRB-ch sf"]
[Site "Paracin"]
[Date "2024.02.09"]
[Round "7"]
[White "Pogorelskikh, Sofia"]
[Black "Arsovic, Zoran"]
[Result "1/2-1/2"]
[WhiteElo "2176"]
[BlackElo "2362"]
[PlyCount "92"]
[EventDate "2024.02.05"]
[EventType "swiss"]
[EventRounds "9"]
[EventCountry "SRB"]
[SourceTitle "CB07_2024"]
[SourceDate "2024.02.14"]
[SourceVersion "1"]
[SourceVersionDate "2024.02.14"]
[SourceQuality "1"]

1. e4 c5 2. Nf3 d6 3. d4 cxd4 4. Nxd4 Nf6 5. f3 Nc6 6. c4 Qb6 7. Nc2 e6 8. Nc3 Be7 9. Bd3 Nd7 10. Be3 Qxb2 11. Qd2 Bf6 12. Nb5 a6 13. Nxd6+ Ke7 14. Nxc8+ Rhxc8 15. 0-0 Qc3 16. Qxc3 Bxc3 17. Rab1 Na5 18. Be2 Be5 19. Rfd1 Rc7 20. f4 Bd6 21. e5 Bc5 22. Bxc5+ Nxc5 23. Nd4 Rd8 24. Nb3 Rxd1+ 25. Bxd1 Naxb3 26. axb3 a5 27. Bc2 Rd7 28. Rd1 b5 29. cxb5 Rb7 30. Kf2 Rxb5 31. Rb1 h5 32. g3 g6 33. Ke3 Rb4 34. Kd2 Kd7 35. Kc3 Kc7 36. Rd1 Ne4+ 37. Bxe4 Rxe4 38. Rd6 Re2 39. h4 Rg2 40. Rd3 Kc6 41. Kc4 Rc2+ 42. Rc3 Ra2 43. Rd3 Re2 44. Rd6+ Kc7 45. Rd3 Kc6 46. Rd6+ Kc7 1/2-1/2

[Event "Paracin Prestige op"]
[Site "Paracin"]
[Date "2024.01.22"]
[Round "8"]
[White "Pogorelskikh, Sofia"]
[Black "Jiang, Haochen"]
[Result "0-1"]
[WhiteElo "2198"]
[BlackElo "2117"]
[PlyCount "81"]
[EventDate "2024.01.15"]
[EventType "swiss"]
[EventRounds "9"]
[EventCountry "SRB"]
[SourceTitle "CB05_2024"]
[SourceDate "2024.01.31"]
[SourceVersion "1"]
[SourceVersionDate "2024.01.31"]
[SourceQuality "1"]

1. e4 d6 2. d4 Nf6 3. Nc3 e5 4. Nf3 exd4 5. Nxd4 Be7 6. Bf4 0-0 7. Qd2 d5 8. Ndb5 Bb4 9. 0-0-0 c6 10. Nc7 Nxe4 11. Qd4 Bxc3 12. bxc3 Qe7 13. c4 Qa3+ 14. Qb2 Qa5 15. Nxa8 Nxf2 16. Be2 Nxh1 17. Rxh1 Na6 18. cxd5 Nb4 19. a3 Nxd5 20. Bd2 Qc5 21. Kb1 Be6 22. Nc7 Nxc7 23. Bb4 Qb6 24. Bxf8 Qxb2+ 25. Kxb2 Kxf8 26. Bf3 Ke7 27. Rd1 f5 28. h4 g6 29. Kc3 h6 30. g3 g5 31. hxg5 hxg5 32. a4 a5 33. Rh1 Bc8 34. Kc4 Na6 35. Kd4 Kd6 36. Rh2 Nc5 37. Rh6+ Ne6+ 38. Ke3 Ke5 39. c3 Nc5 40. Rh5 Ne6 41. Bd1 0-1

[Event "Paracin Prestige op"]
[Site "Paracin"]
[Date "2024.01.16"]
[Round "2"]
[White "Isanzhulov, Arystan"]
[Black "Pogorelskikh, Sofia"]
[Result "1-0"]
[WhiteElo "2414"]
[BlackElo "2198"]
[PlyCount "83"]
[EventDate "2024.01.15"]
[EventType "swiss"]
[EventRounds "9"]
[EventCountry "SRB"]
[SourceTitle "CB05_2024"]
[SourceDate "2024.01.31"]
[SourceVersion "1"]
[SourceVersionDate "2024.01.31"]
[SourceQuality "1"]

1. e4 c5 2. Nf3 Nc6 3. Nc3 g6 4. d4 cxd4 5. Nxd4 Bg7 6. Nde2 Nf6 7. g3 d6 8. Bg2 0-0 9. 0-0 Bd7 10. h3 Ne5 11. b3 Bc6 12. Be3 Ne8 13. Qd2 e6 14. Rad1 Nd7 15. Nd4 a6 16. Nxc6 bxc6 17. Na4 Rc8 18. c4 c5 19. f4 e5 20. f5 f6 21. h4 Qe7 22. Qd5+ Qf7 23. fxg6 Qxd5 24. gxh7+ Kxh7 25. Rxd5 Rc7 26. Bh3 Bh6 27. Bxh6 Kxh6 28. Bxd7 Rxd7 29. Nxc5 Rg7 30. Nxa6 Rxg3+ 31. Kf2 Rfg8 32. Rd2 Rh3 33. c5 dxc5 34. Nxc5 Rxh4 35. a4 Ng7 36. Ke1 Nh5 37. Kd1 Nf4 38. a5 Rh3 39. a6 Rc8 40. b4 Rc3 41. Rh2+ Nh5 42. Rc2 1-0

[Event "Titled Tuesday intern op 09th Jan Early"]
[Site "Chess.com INT"]
[Date "2024.01.09"]
[Round "3"]
[White "Mammadzada, Gunay Vuqar Qizi"]
[Black "Pogorelskikh, Sofia"]
[Result "1-0"]
[WhiteElo "2449"]
[BlackElo "2198"]
[PlyCount "115"]
[EventDate "2024.01.09"]
[EventType "swiss (blitz)"]
[EventRounds "11"]
[EventCountry "USA"]
[SourceTitle "CB03_2024"]
[SourceDate "2024.01.17"]
[SourceVersion "1"]
[SourceVersionDate "2024.01.17"]
[SourceQuality "1"]

1. e4 c5 2. Nf3 Nc6 3. Bb5 e5 4. 0-0 Bd6 5. c3 a6 6. Ba4 b5 7. Bc2 Nge7 8. d4 cxd4 9. cxd4 Nxd4 10. Nxd4 exd4 11. Qxd4 Qc7 12. h3 0-0 13. Bb3 Be5 14. Qd3 Bb7 15. f4 Bd6 16. Be3 Bc5 17. Nd2 Bxe3+ 18. Qxe3 d5 19. e5 Nf5 20. Qf2 d4 21. Rac1 Qd7 22. Nf3 Ne3 23. Rfe1 Bxf3 24. Qxf3 Rac8 25. Qe4 Rxc1 26. Rxc1 g6 27. Kf2 Kg7 28. Rc6 Rd8 29. Rd6 Qc7 30. Qxd4 Nf5 31. Qb6 Qxb6+ 32. Rxb6 Rd2+ 33. Kf3 Nd4+ 34. Ke4 Nxb3 35. axb3 Rxb2 36. Rxa6 Rxb3 37. Kd5 Rd3+ 38. Kc5 Rd2 39. g4 Rf2 40. Ra7 Rxf4 41. e6 Kf8 42. e7+ Ke8 43. Kd6 Rd4+ 44. Ke5 Rd7 45. Ra5 Kxe7 46. Rxb5 f6+ 47. Kf4 Rd4+ 48. Ke3 Rd7 49. Rb6 g5 50. Ke4 h6 51. Ra6 Kf7 52. Ra8 Kg6 53. Rg8+ Rg7 54. Re8 Re7+ 55. Rxe7 f5+ 56. gxf5+ Kf6 57. Re6+ Kf7 58. Rxh6 1-0

[Event "Titled Tuesday intern op 09th Jan Early"]
[Site "Chess.com INT"]
[Date "2024.01.09"]
[Round "1"]
[White "Pogorelskikh, Sofia"]
[Black "Al Tarbosh, Ward"]
[Result "0-1"]
[WhiteElo "2198"]
[BlackElo "2278"]
[PlyCount "112"]
[EventDate "2024.01.09"]
[EventType "swiss (blitz)"]
[EventRounds "11"]
[EventCountry "USA"]
[SourceTitle "CB03_2024"]
[SourceDate "2024.01.17"]
[SourceVersion "1"]
[SourceVersionDate "2024.01.17"]
[SourceQuality "1"]

1. e4 e6 2. d4 d5 3. Nc3 Nf6 4. e5 Nfd7 5. f4 c5 6. Nf3 Nc6 7. Be3 a6 8. Qd2 b5 9. a3 Bb7 10. Bd3 Qb6 11. Qf2 c4 12. Be2 Ne7 13. 0-0 Nf5 14. Bd2 h5 15. Kh1 Be7 16. g3 0-0-0 17. Kg1 Rdg8 18. b3 Qd8 19. a4 b4 20. Nd1 c3 21. Be1 a5 22. Ne3 g6 23. Bd3 Qb6 24. Nxf5 gxf5 25. Qe3 h4 26. Bf2 hxg3 27. hxg3 Nf8 28. Kg2 Ng6 29. Rh1 Ba6 30. Bxa6+ Qxa6 31. Rxh8 Rxh8 32. Rh1 Rxh1 33. Kxh1 Qf1+ 34. Ng1 Qd1 35. Qe2 Qxe2 36. Nxe2 Bd8 37. Kg2 Bb6 38. Kf3 Ne7 39. Nc1 Nc6 40. Ne2 Kd7 41. Be3 Ba7 42. g4 fxg4+ 43. Kxg4 Ne7 44. Kf3 Nf5 45. Bf2 Ke7 46. Kg4 f6 47. Kf3 Kf7 48. Kg4 Kg6 49. Kf3 Nh6 50. Kg2 fxe5 51. fxe5 Kf5 52. Kf3 Nf7 53. Ng3+ Kg6 54. Be3 Ng5+ 55. Ke2 Ne4 56. Kd3 Nxg3 0-1

[Event "Titled Tuesday intern op 09th Jan Early"]
[Site "Chess.com INT"]
[Date "2024.01.09"]
[Round "5"]
[White "Pogorelskikh, Sofia"]
[Black "Poddubnyi, Viktor"]
[Result "0-1"]
[WhiteElo "2198"]
[BlackElo "2304"]
[PlyCount "78"]
[EventDate "2024.01.09"]
[EventType "swiss (blitz)"]
[EventRounds "11"]
[EventCountry "USA"]
[SourceTitle "CB03_2024"]
[SourceDate "2024.01.17"]
[SourceVersion "1"]
[SourceVersionDate "2024.01.17"]
[SourceQuality "1"]

1. e4 g6 2. d4 Bg7 3. Nc3 d6 4. Be3 a6 5. Qd2 b5 6. a3 Bb7 7. h4 h5 8. f3 Nf6 9. Nh3 Nbd7 10. Ng5 e6 11. Be2 Qe7 12. 0-0-0 Nb6 13. Kb1 0-0-0 14. g4 c5 15. Qe1 hxg4 16. fxg4 b4 17. axb4 cxb4 18. Na2 Nxe4 19. Bf3 Nxg5 20. Bxb7+ Qxb7 21. Bxg5 Rd7 22. Qxb4 Kb8 23. Bf4 Nd5 24. Qxb7+ Kxb7 25. Bd2 Bxd4 26. Nb4 Nxb4 27. Bxb4 Be5 28. h5 gxh5 29. gxh5 f5 30. Rdg1 Rdh7 31. Rg6 Rh6 32. Rg7+ Kc6 33. Ra7 Kb6 34. Rd7 Rxh5 35. Rd1 Rh1 36. Kc1 Bf4+ 37. Bd2 Rxd1+ 38. Kxd1 Rh1+ 39. Be1 Bg3 0-1

[Event "Titled Tuesday intern op 14th Nov Early"]
[Site "Chess.com INT"]
[Date "2023.11.14"]
[Round "8"]
[White "Pogorelskikh, Sofia"]
[Black "Shubenkova, Veronika"]
[Result "0-1"]
[WhiteElo "2208"]
[BlackElo "2007"]
[PlyCount "74"]
[EventDate "2023.11.14"]
[EventType "swiss (blitz)"]
[EventRounds "11"]
[EventCountry "USA"]
[SourceTitle "CB47_2023"]
[SourceDate "2023.11.22"]
[SourceVersion "1"]
[SourceVersionDate "2023.11.22"]
[SourceQuality "1"]

1. e4 c5 2. Nf3 e6 3. b3 Nc6 4. Bb2 Nf6 5. e5 Nd5 6. Bb5 Be7 7. Bxc6 dxc6 8. 0-0 0-0 9. d3 b5 10. Nbd2 a5 11. a4 Ba6 12. Ne4 Qb6 13. Qe2 c4 14. bxc4 bxc4 15. Rfb1 cxd3 16. cxd3 Nf4 17. Qd2 Nxd3 18. Ba3 Bb4 19. Bxb4 axb4 20. a5 Qa7 21. Qg5 Kh8 22. Ra2 c5 23. Qh4 c4 24. Nfg5 h6 25. Nf3 c3 26. g4 Bc4 27. Rc2 Bd5 28. Ng3 Bxf3 29. g5 h5 30. Nxh5 Bxh5 31. Qxh5+ Kg8 32. g6 fxg6 33. Qxg6 Rxf2 34. Qxe6+ Rf7+ 35. Kg2 Qb7+ 36. Kg1 Qe4 37. Rf1 Raa7 0-1

[Event "Titled Tuesday intern op 14th Nov Early"]
[Site "Chess.com INT"]
[Date "2023.11.14"]
[Round "5"]
[White "Pogorelskikh, Sofia"]
[Black "Yaniuk, Volodymyr"]
[Result "0-1"]
[WhiteElo "2208"]
[BlackElo "2223"]
[PlyCount "76"]
[EventDate "2023.11.14"]
[EventType "swiss (blitz)"]
[EventRounds "11"]
[EventCountry "USA"]
[SourceTitle "CB47_2023"]
[SourceDate "2023.11.22"]
[SourceVersion "1"]
[SourceVersionDate "2023.11.22"]
[SourceQuality "1"]

1. e4 e5 2. Nf3 Nc6 3. Bc4 Bc5 4. 0-0 Nf6 5. d3 d6 6. Nc3 Na5 7. a3 Nxc4 8. dxc4 h6 9. b4 Bb6 10. Qd3 0-0 11. Na4 Bd7 12. Nxb6 axb6 13. b5 Be6 14. h3 Ra4 15. Nd2 Nd7 16. Qe2 Qh4 17. Bb2 Qg5 18. Kh2 f5 19. exf5 Qxf5 20. Rac1 Nc5 21. Kh1 Qf7 22. Qe3 Qf4 23. Qe2 Bxc4 24. Nxc4 Qxc4 25. Qxc4+ Rxc4 26. g3 Na4 27. Ba1 Rc5 28. Kg2 Rxb5 29. c4 Ra5 30. f4 exf4 31. gxf4 Raf5 32. Kg3 Nc5 33. Rce1 R8f7 34. Re8+ Kh7 35. h4 Nd7 36. Re3 Nf6 37. Ref3 Ne4+ 38. Kg2 Nd2 0-1

[Event "SRB-chT (Women) Div1"]
[Site "Senta"]
[Date "2023.10.16"]
[Round "7.2"]
[White "Narva, Mai"]
[Black "Pogorelskikh, Sofia"]
[Result "1-0"]
[WhiteElo "2399"]
[BlackElo "2193"]
[PlyCount "173"]
[EventDate "2023.10.10"]
[EventType "team-tourn"]
[EventRounds "11"]
[EventCountry "SRB"]
[SourceTitle "Mega2024 Update 01"]
[Source "Chessbase"]
[SourceDate "2023.11.12"]
[SourceVersion "1"]
[SourceVersionDate "2023.11.12"]
[SourceQuality "1"]
[WhiteTeam "Pirot Cast i Slava (W)"]
[BlackTeam "Nis Osnovac (W)"]
[WhiteTeamCountry "SRB"]
[BlackTeamCountry "SRB"]

1. e4 c5 2. Nf3 Nc6 3. Bb5 g6 4. 0-0 Bg7 5. Re1 e5 6. Bxc6 dxc6 7. a4 g5 8. d4 cxd4 9. Bxg5 Ne7 10. c3 dxc3 11. Qxd8+ Kxd8 12. Nxc3 f6 13. Be3 Be6 14. a5 Ke8 15. Na4 Kf7 16. Nd2 Nc8 17. Nc5 Nd6 18. Rec1 Rhc8 19. h4 Bf8 20. Rc2 Rc7 21. Rac1 Bc8 22. Nd3 Nb5 23. Nf3 h5 24. Rd2 Nd6 25. Nc5 b6 26. Na4 Nxe4 27. axb6 axb6 28. Nxb6 Nxd2 29. Nxa8 Nxf3+ 30. gxf3 Rd7 31. Nb6 Rc7 32. Nd5 Rd7 33. Nxf6 Kxf6 34. Rxc6+ Kf7 35. Rxc8 Rb7 36. b4 Bxb4 37. Rh8 Be7 38. Rxh5 Rb1+ 39. Kg2 Bf6 40. Rh7+ Kg6 41. Rh6+ Kf5 42. Bg5 Bxg5 43. Rh5 Kf6 44. Rxg5 Rb3 45. Rg4 Rb8 46. Kg3 Rh8 47. Rg5 Ra8 48. Rg4 Rh8 49. f4 exf4+ 50. Rxf4+ Kg6 51. Kg4 Rg8 52. Rf5 Kh6+ 53. Rg5 Ra8 54. Rh5+ Kg6 55. Rf5 Ra1 56. h5+ Kh6 57. Rf6+ Kh7 58. f4 Rg1+ 59. Kf5 Rh1 60. h6 Ra1 61. Re6 Ra5+ 62. Kg4 Ra1 63. f5 Rg1+ 64. Kf4 Ra1 65. Rb6 Ra2 66. Ke5 Ra5+ 67. Kf4 Ra1 68. Rd6 Ra2 69. Kg5 Rg2+ 70. Kf4 Ra2 71. Kg5 Rg2+ 72. Kf6 Kxh6 73. Kf7+ Kh7 74. Rd7 Ra2 75. f6 Ra8 76. Rb7 Kh6 77. Rd7 Rb8 78. Ke6 Kg6 79. Rg7+ Kh6 80. Ra7 Kg6 81. Ke7 Rb1 82. f7 Re1+ 83. Kf8 Kh7 84. Ra2 Rh1 85. Re2 Rf1 86. Ke8 Kg7 87. Rg2+ 1-0

[Event "SRB-chT (Women) Div1"]
[Site "Senta"]
[Date "2023.10.15"]
[Round "6.2"]
[White "Pogorelskikh, Sofia"]
[Black "Rapport, Jovana"]
[Result "1/2-1/2"]
[WhiteElo "2193"]
[BlackElo "2324"]
[PlyCount "112"]
[EventDate "2023.10.10"]
[EventType "team-tourn"]
[EventRounds "11"]
[EventCountry "SRB"]
[SourceTitle "Mega2024 Update 01"]
[Source "Chessbase"]
[SourceDate "2023.11.12"]
[SourceVersion "1"]
[SourceVersionDate "2023.11.12"]
[SourceQuality "1"]
[WhiteTeam "Nis Osnovac (W)"]
[BlackTeam "Belgrade Crvena Zvezda (W)"]
[WhiteTeamCountry "SRB"]
[BlackTeamCountry "SRB"]

1. e4 e6 2. d4 d5 3. Nc3 Bb4 4. e5 c5 5. a3 Bxc3+ 6. bxc3 Nc6 7. Qg4 g6 8. h4 h6 9. Nf3 Qa5 10. Bd2 c4 11. Be2 Bd7 12. Qf4 Rh7 13. Nh2 Nce7 14. Ng4 Ba4 15. Ra2 Nf5 16. h5 g5 17. Qh2 0-0-0 18. f4 Rf8 19. fxg5 hxg5 20. Nf6 Nxf6 21. exf6 Qb6 22. Kf2 Nd6 23. Qe5 Ne4+ 24. Ke3 Qd8 25. Rf1 Rg8 26. g4 Rh6 27. Be1 Rxf6 28. Rxf6 Qxf6 29. Bxc4 dxc4 30. Qxe4 Bc6 31. Qe5 Qf3+ 32. Kd2 Qf4+ 33. Qe3 Qxg4 34. Bg3 Qe4 35. Be5 Qh1 36. Bg3 Qg2+ 37. Kc1 Qe4 38. Qf2 Qf3 39. Qe1 Qe4 40. Qf2 Qf3 41. Qe1 Qh1 42. Qxh1 Bxh1 43. Be5 g4 44. h6 Be4 45. Bg7 e5 46. Kd2 exd4 47. cxd4 Re8 48. Ra1 g3 49. Rg1 g2 50. Rxg2 Bxg2 51. h7 f5 52. h8Q Rxh8 53. Bxh8 f4 54. Be5 f3 55. Ke3 Kd7 56. d5 f2 1/2-1/2

[Event "SRB-chT (Women) Div1"]
[Site "Senta"]
[Date "2023.10.12"]
[Round "3.2"]
[White "Papp, Petra"]
[Black "Pogorelskikh, Sofia"]
[Result "1/2-1/2"]
[WhiteElo "2318"]
[BlackElo "2193"]
[PlyCount "70"]
[EventDate "2023.10.10"]
[EventType "team-tourn"]
[EventRounds "11"]
[EventCountry "SRB"]
[SourceTitle "Mega2024 Update 01"]
[Source "Chessbase"]
[SourceDate "2023.11.12"]
[SourceVersion "1"]
[SourceVersionDate "2023.11.12"]
[SourceQuality "1"]
[WhiteTeam "Belgrade Rad (W)"]
[BlackTeam "Nis Osnovac (W)"]
[WhiteTeamCountry "SRB"]
[BlackTeamCountry "SRB"]

1. Nf3 d5 2. g3 g6 3. d4 Bg7 4. Bg2 Nf6 5. 0-0 0-0 6. c4 c6 7. Qb3 Qb6 8. Nc3 Qxb3 9. axb3 Bf5 10. Bf4 Na6 11. Bd2 Rfd8 12. cxd5 cxd5 13. Rfc1 Ne4 14. Be1 h6 15. h3 g5 16. e3 e6 17. Bf1 Nb8 18. b4 Nd7 19. Na4 Nd6 20. Nc5 Kf8 21. Nxd7+ Rxd7 22. b5 Rc8 23. Bb4 Rxc1 24. Rxc1 Ke8 25. b6 axb6 26. Bxd6 Rxd6 27. Rc7 Rc6 28. Rxb7 Rc1 29. Kg2 Be4 30. Bb5+ Kf8 31. Rb8+ Ke7 32. g4 Rb1 33. Rb7+ Kf8 34. Rb8+ Ke7 35. Rb7+ Kf8 1/2-1/2

[Event "Titled Tuesday intern op 19th Sep Early"]
[Site "Chess.com INT"]
[Date "2023.09.19"]
[Round "7"]
[White "Hajiyev, Kanan"]
[Black "Pogorelskikh, Sofia"]
[Result "0-1"]
[WhiteElo "2113"]
[BlackElo "2153"]
[PlyCount "96"]
[EventDate "2023.09.19"]
[EventType "swiss (blitz)"]
[EventRounds "11"]
[EventCountry "USA"]
[SourceTitle "EXT 2024"]
[Source "ChessBase"]
[SourceDate "2023.10.10"]
[SourceVersion "1"]
[SourceVersionDate "2023.10.10"]
[SourceQuality "1"]

1. d4 Nf6 2. Nf3 g6 3. g3 Bg7 4. Bg2 0-0 5. 0-0 d5 6. b3 b6 7. Bb2 Bb7 8. Ne5 Nfd7 9. Nd3 Qc8 10. Nf4 e6 11. h4 c5 12. e3 cxd4 13. Bxd4 e5 14. Nxd5 Bxd5 15. Bxd5 exd4 16. Bxa8 dxe3 17. Na3 exf2+ 18. Rxf2 Bxa1 19. Qxa1 Nc6 20. Bxc6 Qxc6 21. Nc4 h5 22. Qd4 Nc5 23. Ne5 Qe4 24. Qxe4 Nxe4 25. Rf3 Kg7 26. Kg2 Nd6 27. c4 Nf5 28. Nc6 a5 29. Rd3 Re8 30. Kf2 Kf6 31. Nd4 Rd8 32. Nxf5 Rxd3 33. Ne3 Rd2+ 34. Kf3 Rxa2 35. Nd5+ Ke5 36. Nxb6 Ra3 37. Nd7+ Kd6 38. Nf8 Rxb3+ 39. Kf4 Rb4 40. Kg5 Ke7 41. Nh7 Rxc4 42. Nf6 Rc5+ 43. Kh6 Kxf6 44. g4 hxg4 45. Kh7 a4 46. h5 Rxh5+ 47. Kg8 g3 48. Kf8 Rh8# 0-1

[Event "Titled Tuesday intern op 19th Sep Early"]
[Site "Chess.com INT"]
[Date "2023.09.19"]
[Round "2"]
[White "Pogorelskikh, Sofia"]
[Black "Arhan, Chethan Anand"]
[Result "0-1"]
[WhiteElo "2153"]
[BlackElo "2395"]
[PlyCount "104"]
[EventDate "2023.09.19"]
[EventType "swiss (blitz)"]
[EventRounds "11"]
[EventCountry "USA"]
[SourceTitle "EXT 2024"]
[Source "ChessBase"]
[SourceDate "2023.10.10"]
[SourceVersion "1"]
[SourceVersionDate "2023.10.10"]
[SourceQuality "1"]

1. e4 c5 2. Nf3 Nc6 3. c3 Nf6 4. e5 Nd5 5. d4 cxd4 6. cxd4 d6 7. Bc4 Nb6 8. Bb3 dxe5 9. dxe5 Qxd1+ 10. Kxd1 Bg4 11. Bf4 Nd4 12. Nbd2 Nxb3 13. axb3 Nd5 14. Bg3 e6 15. h3 Bh5 16. Ke2 Bb4 17. Rhc1 Kd7 18. Ne4 a6 19. Nc5+ Bxc5 20. Rxc5 Rhc8 21. Rac1 Rxc5 22. Rxc5 Rc8 23. Rxc8 Kxc8 24. Bh2 Kc7 25. g4 Bg6 26. Nh4 Bc2 27. f4 Bxb3 28. f5 Kd7 29. fxe6+ fxe6 30. Nf3 Bc4+ 31. Kd2 Bf1 32. h4 b5 33. Ng5 h6 34. Ne4 a5 35. Nc5+ Ke7 36. Bg3 Nb6 37. h5 Nc4+ 38. Kc1 Be2 39. Bh4+ Kf7 40. g5 Bxh5 41. gxh6 gxh6 42. Be1 a4 43. Ne4 Nxe5 44. Nd6+ Kg6 45. Nxb5 Nd3+ 46. Kd2 Nxb2 47. Kc2 Nc4 48. Nd4 Kf7 49. Bg3 a3 50. Nb5 a2 51. Nd6+ Nxd6 52. Kb2 Ne4 0-1

[Event "Titled Tuesday intern op 12th Sep Early"]
[Site "Chess.com INT"]
[Date "2023.09.12"]
[Round "8"]
[White "Mesa Cruz, Juan Carlos"]
[Black "Pogorelskikh, Sofia"]
[Result "1-0"]
[WhiteElo "2139"]
[BlackElo "2153"]
[PlyCount "105"]
[EventDate "2023.09.12"]
[EventType "swiss (blitz)"]
[EventRounds "11"]
[EventCountry "USA"]
[SourceTitle "EXT 2024"]
[Source "ChessBase"]
[SourceDate "2023.10.10"]
[SourceVersion "1"]
[SourceVersionDate "2023.10.10"]
[SourceQuality "1"]

1. Nf3 Nf6 2. c4 g6 3. g3 Bg7 4. Bg2 0-0 5. Nc3 d5 6. cxd5 Nxd5 7. 0-0 Nb6 8. d4 Nc6 9. d5 Na5 10. e4 c6 11. Bg5 cxd5 12. Nxd5 Nxd5 13. exd5 Bxb2 14. d6 Qxd6 15. Qxd6 exd6 16. Rab1 Bg7 17. Be7 Re8 18. Bxd6 Be6 19. Rb5 Nc4 20. Bf4 Re7 21. Ng5 Bf5 22. Bd5 Nb6 23. Bg2 Bd3 24. a4 Bxb5 25. axb5 h6 26. Ne4 Rc8 27. Nd6 Rc2 28. Nxb7 g5 29. Bb8 Rc8 30. Bxa7 Rcc7 31. Bxb6 Rxb7 32. Bxb7 Rxb7 33. Be3 Rxb5 34. g4 Kh7 35. Rd1 Kg6 36. Rd6+ f6 37. Kg2 Rb4 38. Kg3 h5 39. h3 h4+ 40. Kf3 Rb3 41. Ke4 Rb4+ 42. Bd4 Kf7 43. Rd7+ Kg6 44. Rd6 Kf7 45. Kf5 Rb5+ 46. Ke4 Kg6 47. f4 gxf4 48. Kxf4 Rb4 49. Ke4 Kf7 50. Rd7+ Kg6 51. Kf3 Rb3+ 52. Be3 Bh6 53. Re7 1-0

[Event "Titled Tuesday intern op 12th Sep Early"]
[Site "Chess.com INT"]
[Date "2023.09.12"]
[Round "4"]
[White "Pogorelskikh, Sofia"]
[Black "Lohani, Sujana"]
[Result "1-0"]
[WhiteElo "2153"]
[BlackElo "1756"]
[PlyCount "109"]
[EventDate "2023.09.12"]
[EventType "swiss (blitz)"]
[EventRounds "11"]
[EventCountry "USA"]
[SourceTitle "EXT 2024"]
[Source "ChessBase"]
[SourceDate "2023.10.10"]
[SourceVersion "1"]
[SourceVersionDate "2023.10.10"]
[SourceQuality "1"]

1. e4 c5 2. Nf3 c4 3. Bxc4 e6 4. 0-0 Nc6 5. d4 d5 6. exd5 exd5 7. Re1+ Be6 8. Bb5 Be7 9. Bf4 h6 10. Ne5 Qb6 11. Nc3 Nf6 12. Rb1 0-0 13. Nxc6 bxc6 14. Bd3 Kh8 15. Ne2 Nh7 16. c3 Qd8 17. Ng3 Bg5 18. Bxg5 Nxg5 19. Bc2 Qf6 20. Qd3 g6 21. h4 Ne4 22. Nxe4 dxe4 23. Qxe4 Bf5 24. Qe2 Bxc2 25. Qxc2 Qxh4 26. Re5 Qf6 27. Rbe1 Rad8 28. Qe4 Rb8 29. b3 Rb6 30. Re3 Ra6 31. Rf3 Qd8 32. Rh3 Kg7 33. Qf4 h5 34. Rg5 Rh8 35. g4 hxg4 36. Rxh8 Qxh8 37. Qe5+ Kg8 38. Qe8+ Kg7 39. Qxh8+ Kxh8 40. a4 Rb6 41. b4 Ra6 42. a5 c5 43. dxc5 Kg7 44. Rxg4 Kf6 45. Rd4 Ke5 46. f4+ Kf5 47. Kf2 Re6 48. Kf3 f6 49. Rd5+ Re5 50. fxe5 fxe5 51. Rd6 g5 52. Ke3 g4 53. c6 g3 54. c7 g2 55. c8Q+ 1-0

[Event "Titled Tuesday intern op 12th Sep Early"]
[Site "Chess.com INT"]
[Date "2023.09.12"]
[Round "6"]
[White "Pogorelskikh, Sofia"]
[Black "Tikhonov, Viacheslav"]
[Result "0-1"]
[WhiteElo "2153"]
[BlackElo "2181"]
[PlyCount "80"]
[EventDate "2023.09.12"]
[EventType "swiss (blitz)"]
[EventRounds "11"]
[EventCountry "USA"]
[SourceTitle "EXT 2024"]
[Source "ChessBase"]
[SourceDate "2023.10.10"]
[SourceVersion "1"]
[SourceVersionDate "2023.10.10"]
[SourceQuality "1"]

1. e4 c5 2. Nf3 d6 3. Bb5+ Bd7 4. a4 Nf6 5. Qe2 g6 6. 0-0 Bg7 7. d4 cxd4 8. Nxd4 0-0 9. Nc3 Nc6 10. Nxc6 bxc6 11. Bc4 Bc8 12. Rd1 Nd7 13. Bf4 a5 14. Qe3 Qb6 15. Qxb6 Nxb6 16. Bb3 Ba6 17. Be3 Nc4 18. Bxc4 Bxc4 19. Bd4 Rab8 20. b3 Be6 21. Bxg7 Kxg7 22. Ne2 Rb4 23. f3 g5 24. Kf2 c5 25. Nc3 c4 26. Nd5 Rb7 27. bxc4 Rc8 28. Rd4 f6 29. Ke3 Kf7 30. Kd2 Bd7 31. Nc3 Rb4 32. Nb5 Rbxc4 33. Rxc4 Rxc4 34. Kd3 Rb4 35. c4 Rb2 36. g3 Rxh2 37. Nc3 Rh3 38. Ke3 Rxg3 39. Rh1 Rh3 40. Rb1 g4 0-1